ARRUPE JESUIT UNIVERSITY

CORONAVIRUS -STOP THE SPREAD - CLEAN,DISINFECT,COVER

Power, privilege and poverty. (Record no. 128383)

MARC details
000 -LEADER
fixed length control field 01098cam a2200313 4500
001 - CONTROL NUMBER
control field 773629
003 - CONTROL NUMBER IDENTIFIER
control field ARRUPE
005 - DATE AND TIME OF LATEST TRANSACTION
control field 20181012121722.0
008 - FIXED-LENGTH DATA ELEMENTS--GENERAL INFORMATION
fixed length control field 730130s1972 sa b 001 0 eng
010 ## - LIBRARY OF CONGRESS CONTROL NUMBER
LC control number 72170935
015 ## - NATIONAL BIBLIOGRAPHY NUMBER
National bibliography number SANB***
020 ## - INTERNATIONAL STANDARD BOOK NUMBER
International Standard Book Number 0869750046
040 ## - CATALOGING SOURCE
Original cataloging agency DLC
Transcribing agency DLC
Modifying agency DLC
043 ## - GEOGRAPHIC AREA CODE
Geographic area code f-sa---
050 00 - LIBRARY OF CONGRESS CALL NUMBER
Classification number HC517.S7
Item number S85
082 00 - DEWEY DECIMAL CLASSIFICATION NUMBER
Classification number 309.1/68/06
300 ## - PHYSICAL DESCRIPTION
Dimensions 23 cm.
110 2# - MAIN ENTRY--CORPORATE NAME
Corporate name or jurisdiction name as entry element Study Project on Christianity in Apartheid Society.
Subordinate unit Economics Commission.
9 (RLIN) 42934
245 10 - TITLE STATEMENT
Title Power, privilege and poverty.
Statement of responsibility, etc General editor: Peter Randall.
Remainder of title report of the Spro-cas Economics Commission
260 ## - PUBLICATION, DISTRIBUTION, ETC. (IMPRINT)
Place of publication, distribution, etc Johannesburg,
Date of publication, distribution, etc 1972.
Name of publisher, distributor, etc SPRO_CAS Publication
300 ## - PHYSICAL DESCRIPTION
Extent 127 p.
490 1# - SERIES STATEMENT
Series statement SPRO-CAS publication
Volume number/sequential designation no. 7
504 ## - BIBLIOGRAPHY, ETC. NOTE
Bibliography, etc Includes bibliographical references.
651 #0 - SUBJECT ADDED ENTRY--GEOGRAPHIC NAME
Geographic name South Africa
General subdivision Economic conditions.
9 (RLIN) 21702
651 #0 - SUBJECT ADDED ENTRY--GEOGRAPHIC NAME
Geographic name South Africa
General subdivision Social conditions
Chronological subdivision 1961-1994.
9 (RLIN) 42935
651 #0 - SUBJECT ADDED ENTRY--GEOGRAPHIC NAME
Geographic name South Africa
General subdivision Race relations.
9 (RLIN) 42936
700 1# - ADDED ENTRY--PERSONAL NAME
Personal name Randall, Peter,
Dates associated with a name 1935-
Relator term ed.
9 (RLIN) 42937
810 2# - SERIES ADDED ENTRY--CORPORATE NAME
Corporate name or jurisdiction name as entry element Study Project on Christianity in Apartheid Society.
Title of a work SPRO-CAS publication
Volume/sequential designation no. 7.
9 (RLIN) 42938
906 ## - LOCAL DATA ELEMENT F, LDF (RLIN)
a 7
b cbc
c orignew
d 3
e ncip
f 19
g y-gencatlg
942 ## - ADDED ENTRY ELEMENTS (KOHA)
Source of classification or shelving scheme Library of Congress Classification
Koha item type Monograph ( Printed materials)
Holdings
Withdrawn status Lost status Source of classification or shelving scheme Damaged status Not for loan Collection code Home library Current library Shelving location Date acquired Total Checkouts Full call number Barcode Date last seen Price effective from Koha item type
    Library of Congress Classification     Main Collection ARRUPE LIBRARY ARRUPE LIBRARY Main Collection 12/10/2018   HC517.S7 S85 46600002937 12/10/2018 12/10/2018 Monograph ( Printed materials)

 

Arrupe Library. PO Box MP320 Mt Pleasant, Harare, Zimbabwe
263 242 745411|librarian@aju.ac.zw